Histoire du livre en Occident (notice n° 2198282)
[ vue normale ]
| 000 -LEADER | |
|---|---|
| fixed length control field | 01087cam a2200133 4500500 |
| 005 - DATE AND TIME OF LATEST TRANSACTION | |
| control field | 20260405085526.0 |
| 041 ## - LANGUAGE CODE | |
| Language code of text/sound track or separate title | fre |
| 042 ## - AUTHENTICATION CODE | |
| Authentication code | dc |
| 100 10 - MAIN ENTRY--PERSONAL NAME | |
| Personal name | Barbier, Frédéric |
| Relator term | author |
| 245 00 - TITLE STATEMENT | |
| Title | Histoire du livre en Occident |
| 260 ## - PUBLICATION, DISTRIBUTION, ETC. | |
| Name of publisher, distributor, etc. | Armand Colin,<br/> |
| Date of publication, distribution, etc. | 2020.<br/> |
| 520 ## - SUMMARY, ETC. | |
| Summary, etc. | De l'Antiquité à aujourd'hui, le livre a toujours accompagné les sociétés humaines. Cette histoire du livre et de l'écrit, s'inscrivant dans une histoire des cultures, touche aux domaines de l’histoire littéraire, mais aussi économique, technique, sociale, politique et culturelle. Désormais classique, cet ouvrage est une introduction indispensable à l'histoire du livre en Occident et un bilan sur un domaine d'étude aux méthodes et aux approches profondément renouvelées.Prenant en compte les révolutions technologiques, il offre également des clés pour analyser et mieux comprendre les nouveaux médias et interroger la place du livre dans notre monde actuel. |
| 856 41 - ELECTRONIC LOCATION AND ACCESS | |
| Uniform Resource Identifier | <a href="https://shs.cairn.info/histoire-du-livre-en-occident--9782200622886?lang=fr&redirect-ssocas=7080">https://shs.cairn.info/histoire-du-livre-en-occident--9782200622886?lang=fr&redirect-ssocas=7080</a> |
Pas d'exemplaire disponible.




Réseaux sociaux